[Event "Benidorm op U2300 16th"]
[Site "Benidorm"]
[Date "2017.12.06"]
[Round "7"]
[White "Moreno Ibanez, Miguel"]
[Black "Arata, Roberto Mario"]
[Result "1-0"]
[WhiteElo "2272"]
[BlackElo "2169"]
[PlyCount "49"]
[EventDate "2017.12.01"]
[EventType "swiss"]
[EventRounds "10"]
[EventCountry "ESP"]
[SourceTitle "EXT 2019"]
[Source "ChessBase"]
[SourceDate "2018.10.10"]
[SourceVersion "1"]
[SourceVersionDate "2018.10.10"]
[SourceQuality "1"]

1. e4 c6 2. Nf3 d5 3. Nc3 dxe4 4. Nxe4 Nf6 5. Qe2 Nxe4 6. Qxe4 Nd7 7. Bc4 Nf6 8. Ne5 e6 9. Qe2 Be7 10. c3 0-0 11. d4 c5 12. dxc5 Bxc5 13. Bg5 Qc7 14. Bxf6 gxf6 15. Ng4 f5 16. Nf6+ Kg7 17. Nh5+ Kh8 18. 0-0-0 b5 19. Bxb5 Rb8 20. Rd2 e5 21. Rhd1 Be6 22. Rd7 Bxd7 23. Rxd7 Qb6 24. Qxe5+ f6 25. Qxf5 1-0

[Event "Benidorm op U2300 11th"]
[Site "Benidorm"]
[Date "2012.12.01"]
[Round "2"]
[White "Martin Martin, Luis Vicente"]
[Black "Arata, Roberto Mario"]
[Result "0-1"]
[WhiteElo "2021"]
[BlackElo "2205"]
[PlyCount "54"]
[EventDate "2012.11.30"]
[EventType "swiss"]
[EventRounds "10"]
[EventCountry "ESP"]
[SourceTitle "EXT 2014"]
[Source "ChessBase"]
[SourceDate "2013.11.20"]
[SourceVersion "1"]
[SourceVersionDate "2013.11.20"]
[SourceQuality "1"]

1. d4 d5 2. Bf4 c5 3. e3 Nc6 4. c3 Bf5 5. Qb3 Qd7 6. Nf3 f6 7. Nbd2 c4 8. Qd1 Bg4 9. Be2 e6 10. e4 Nge7 11. h3 Bh5 12. Bh2 Bg6 13. exd5 exd5 14. 0-0 Nf5 15. b3 cxb3 16. axb3 Bd6 17. b4 0-0 18. Nb3 Bxh2+ 19. Nxh2 Nd6 20. Nc5 Qf7 21. Bg4 f5 22. Bf3 Ne4 23. Ra3 Qe7 24. Bh5 Bxh5 25. Qxh5 a5 26. b5 Nd8 27. Nd3 Qxa3 0-1

[Event "Benidorm op U2300 08th"]
[Site "Benidorm"]
[Date "2009.12.05"]
[Round "8"]
[White "Arata, Roberto Mario"]
[Black "Plass, Mariana Camelia"]
[Result "1/2-1/2"]
[WhiteElo "2257"]
[BlackElo "2160"]
[PlyCount "53"]
[EventDate "2009.11.28"]
[EventType "swiss"]
[EventRounds "10"]
[EventCountry "ESP"]
[SourceTitle "CBM 133 Extra"]
[Source "ChessBase"]
[SourceDate "2010.01.05"]
[SourceVersion "1"]
[SourceVersionDate "2010.01.05"]
[SourceQuality "1"]

1. d4 Nf6 2. c4 g6 3. Nc3 d5 4. cxd5 Nxd5 5. e4 Nxc3 6. bxc3 Bg7 7. Nf3 c5 8. Be3 0-0 9. Be2 cxd4 10. cxd4 Nc6 11. 0-0 Bg4 12. d5 Bxa1 13. Qxa1 Na5 14. Bh6 f6 15. Bxf8 Qxf8 16. Nd4 Bxe2 17. Nxe2 Nc4 18. Nd4 Rc8 19. Ne6 Qe8 20. Qd4 h6 21. Rc1 Nd6 22. Qd2 Rxc1+ 23. Qxc1 Nxe4 24. Qc7 Ng5 25. h3 Nxe6 26. dxe6 Kf8 27. Qd7 1/2-1/2

[Event "Benidorm op U2300 08th"]
[Site "Benidorm"]
[Date "2009.12.02"]
[Round "5"]
[White "Gonzalez Aguirre, Luis"]
[Black "Arata, Roberto Mario"]
[Result "0-1"]
[WhiteElo "2163"]
[BlackElo "2257"]
[PlyCount "58"]
[EventDate "2009.11.28"]
[EventType "swiss"]
[EventRounds "10"]
[EventCountry "ESP"]
[SourceTitle "CBM 133 Extra"]
[Source "ChessBase"]
[SourceDate "2010.01.05"]
[SourceVersion "1"]
[SourceVersionDate "2010.01.05"]
[SourceQuality "1"]

1. c4 e6 2. g3 d5 3. d4 c5 4. cxd5 exd5 5. Nf3 Nc6 6. Bg2 Nf6 7. 0-0 Be7 8. Nc3 0-0 9. Bg5 c4 10. Ne5 Be6 11. b3 h6 12. Bxf6 Bxf6 13. Nxc6 bxc6 14. bxc4 dxc4 15. e3 Rc8 16. Ne4 Be7 17. Qa4 Qc7 18. Nc5 Bxc5 19. dxc5 Qe7 20. Qa5 Bd5 21. e4 Be6 22. Rfd1 Rfd8 23. Bf1 Rxd1 24. Rxd1 Rb8 25. a4 Qf6 26. Qc7 Rb2 27. f4 Qc3 28. e5 Qe3+ 29. Kh1 Qf3+ 0-1

[Event "Benidorm op U2300 08th"]
[Site "Benidorm"]
[Date "2009.12.01"]
[Round "4"]
[White "Lopez Perdomo, Juan David"]
[Black "Arata, Roberto Mario"]
[Result "1-0"]
[WhiteElo "2150"]
[BlackElo "2257"]
[PlyCount "57"]
[EventDate "2009.11.28"]
[EventType "swiss"]
[EventRounds "10"]
[EventCountry "ESP"]
[SourceTitle "CBM 133 Extra"]
[Source "ChessBase"]
[SourceDate "2010.01.05"]
[SourceVersion "1"]
[SourceVersionDate "2010.01.05"]
[SourceQuality "1"]

1. e4 c6 2. d4 d5 3. Nc3 dxe4 4. Nxe4 Nf6 5. Nxf6+ exf6 6. c3 Bd6 7. Bd3 0-0 8. Ne2 Qc7 9. Qc2 g6 10. h4 c5 11. dxc5 Bxc5 12. h5 Re8 13. hxg6 fxg6 14. Bxg6 Re7 15. Qb3+ Kh8 16. Bf4 Qb6 17. Bxh7 Be6 18. Bf5+ Kg8 19. Bxe6+ Qxe6 20. Qxe6+ Rxe6 21. Bxb8 Rxb8 22. Rd1 Rbe8 23. Rd2 Re5 24. g3 b5 25. Kf1 a5 26. Nf4 b4 27. cxb4 axb4 28. Kg2 Ra8 29. Ng6 1-0

[Event "Imperia Corallo op-A 3rd"]
[Site "Imperia"]
[Date "2008.11.23"]
[Round "5"]
[White "Arata, Roberto Mario"]
[Black "Astengo, Marcello"]
[Result "1-0"]
[WhiteElo "2199"]
[BlackElo "2100"]
[PlyCount "111"]
[EventDate "2008.11.21"]
[EventType "swiss"]
[EventRounds "5"]
[EventCountry "ITA"]
[SourceTitle "EXT 2011"]
[Source "ChessBase"]
[SourceDate "2010.11.26"]
[SourceVersion "1"]
[SourceVersionDate "2010.11.26"]
[SourceQuality "1"]

1. d4 d5 2. c4 c6 3. Nf3 e6 4. Nc3 dxc4 5. e3 b5 6. Be2 Nf6 7. 0-0 Nbd7 8. a4 Qb6 9. Nd2 Bb7 10. b3 Bb4 11. Na2 Bxd2 12. Bxd2 cxb3 13. Qxb3 a6 14. a5 Qd8 15. Qa3 Ne4 16. Be1 Qe7 17. Bb4 c5 18. dxc5 Bc6 19. Bf3 f5 20. Rad1 0-0 21. Bxe4 fxe4 22. Rd6 Rac8 23. Qb3 Rf6 24. Rfd1 Rg6 25. Kf1 Ne5 26. Bc3 Nd3 27. Nb4 Nxc5 28. Nxc6 Rxc6 29. Rd8+ Kf7 30. Qb4 e5 31. R1d5 Rge6 32. Bb2 Qh4 33. Ba3 Rf6 34. f3 Qxh2 35. R8d7+ Kg6 36. Rxc5 Qh1+ 37. Kf2 Qh4+ 38. Ke2 Rxc5 39. Qxc5 exf3+ 40. gxf3 Qh2+ 41. Kd3 Rxf3 42. Qe7 Qh6 43. Qe6+ Kg5 44. Qxe5+ Kh4 45. Be7+ Kh3 46. Rd4 Qg6+ 47. Kc3 Qc6+ 48. Kb4 Kg2 49. Rg4+ Kf1 50. Qa1+ Kf2 51. Qa2+ Kf1 52. Qb1+ Kf2 53. Bh4+ Ke2 54. Qb2+ Kxe3 55. Qd4+ Ke2 56. Rg2+ 1-0

[Event "Imperia op-A 46th"]
[Site "Imperia"]
[Date "2004.09.09"]
[Round "6"]
[White "Arata, Roberto Mario"]
[Black "Krouzel, Jaroslav"]
[Result "0-1"]
[WhiteElo "2151"]
[BlackElo "2117"]
[PlyCount "96"]
[EventDate "2004.09.05"]
[EventType "swiss"]
[EventRounds "9"]
[EventCountry "ITA"]
[SourceTitle "EXT 2005"]
[Source "ChessBase"]
[SourceDate "2004.11.15"]
[SourceVersion "1"]
[SourceVersionDate "2004.11.15"]
[SourceQuality "1"]

1. d4 f5 2. c4 Nf6 3. Nc3 d6 4. Nf3 g6 5. Bg5 Bg7 6. Qc1 0-0 7. Bh6 Qe8 8. h4 e5 9. Bxg7 Kxg7 10. Nd5 Nxd5 11. cxd5 c6 12. dxe5 dxe5 13. Qc3 cxd5 14. Nxe5 Kg8 15. h5 Nc6 16. Nxc6 Qxc6 17. Qxc6 bxc6 18. Rc1 Bd7 19. f4 Rfe8 20. Kd2 Re4 21. hxg6 hxg6 22. Rc3 Rxf4 23. Rch3 Kf7 24. Rh7+ Ke6 25. Rg7 Rg4 26. Rh6 Be8 27. Rhh7 a5 28. e3 Rb4 29. Kc3 c5 30. a3 Re4 31. Bd3 Rxe3 32. g4 f4 33. Kd2 Kf6 34. Rb7 Kg5 35. Be2 Ba4 36. Rb6 Rae8 37. Bd3 R8e6 38. Rxe6 Rxe6 39. Be2 Rb6 40. Kc1 Re6 41. Kd2 Bb3 42. Rc7 c4 43. Rc5 Re5 44. Rxa5 Kh4 45. Rc5 Kg3 46. a4 Kf2 47. Bd1 Bxd1 48. Kxd1 Kg2 0-1

[Event "Imperia op-A 46th"]
[Site "Imperia"]
[Date "2004.09.08"]
[Round "5"]
[White "Musil, Vitezslav"]
[Black "Arata, Roberto Mario"]
[Result "1-0"]
[WhiteElo "2113"]
[BlackElo "2151"]
[PlyCount "41"]
[EventDate "2004.09.05"]
[EventType "swiss"]
[EventRounds "9"]
[EventCountry "ITA"]
[SourceTitle "EXT 2005"]
[Source "ChessBase"]
[SourceDate "2004.11.15"]
[SourceVersion "1"]
[SourceVersionDate "2004.11.15"]
[SourceQuality "1"]

1. e4 c6 2. Nc3 d6 3. d4 Nd7 4. f4 Qc7 5. Nf3 e5 6. Be2 Ngf6 7. 0-0 Be7 8. Kh1 b5 9. fxe5 dxe5 10. dxe5 Nxe5 11. Bf4 Nfd7 12. Nxe5 Nxe5 13. Bxb5 0-0 14. Bxc6 Qxc6 15. Bxe5 Be6 16. Nd5 Bd8 17. b3 Re8 18. c4 f6 19. Bc3 Bf7 20. Qf3 Bg6 21. e5 1-0